00297nam a2200121Ia 4500008004100000041000800041082001600049100001500065245002100080260003400101300002900135365001100164240624s9999 xx 000 0 und d aeng a658.827 BHA aBHALLA A K aBRAND MANAGEMENT c2011aNew DelhibWisdom Press av, : 296 : p. : cm. ; 22 cRSb20